00388nam a2200145Ia 4500008004100000020001800041041000800059082002500067100001400092245005200106260003300158300000800191365001600199700002700215230718s9999 xx 000 0 und d a9788179927687 aeng a338.76100416902bELL aElliot J. aSteve Jobs WaybLeadership For A New Generation c2011bJaico Publishing House a259 cRs.b250.00 aElliot J. & Simon W.L.